000 00623cam a22002411 4500
001 sa 66001285
003 DLC
005 20260227112220.0
008 890425q19601969pk b 000 0 urdr
010 _asa 66001285
035 _a(OCoLC)19602279
040 _aDLC
_cWaU
_dDLC
042 _apremarc
050 0 0 _aDS238.U4
_bN3
100 1 _aNadvī, ʻAbdussalām.
245 1 0 _aSīrat-i ʻUmar ibn ʻAbdul ʻAzīz.
260 _c[196-?]
300 _a240 p.
_c19 cm.
500 _aIn Urdu.
500 _aText partially vocalized.
504 _aBibliographical footnotes.
600 0 0 _aʻUmar
_bII,
_cCaliph,
_d-720.
999 _c67694
_d67694